[Event "Hyderabad op 1st"]
[Site "Hyderabad"]
[Date "2017.10.28"]
[Round "1"]
[White "Ashwath, R."]
[Black "Lanka, Sri Karthikeya Durg"]
[Result "1-0"]
[WhiteElo "2253"]
[BlackElo "1352"]
[PlyCount "71"]
[EventDate "2017.10.28"]
[EventType "swiss"]
[EventRounds "10"]
[EventCountry "IND"]
[SourceTitle "CBM 181 Extra"]
[Source "ChessBase"]
[SourceDate "2017.12.12"]
[SourceVersion "1"]
[SourceVersionDate "2017.12.12"]
[SourceQuality "1"]

1. d4 Nf6 2. c4 c5 3. Nf3 g6 4. Nc3 Bg7 5. g3 0-0 6. Bg2 d6 7. 0-0 Nc6 8. h3 a6 9. Be3 cxd4 10. Nxd4 Ne5 11. b3 Rb8 12. a4 Qc7 13. Rc1 Nc6 14. Nd5 Qd7 15. Nc2 Nxd5 16. cxd5 Na5 17. Nd4 Bxd4 18. Bxd4 b5 19. Bc3 Nb7 20. Qd4 f6 21. Qa7 Nc5 22. Qxb8 Nxb3 23. Rb1 bxa4 24. Rxb3 axb3 25. Qxb3 a5 26. Bxa5 Ba6 27. Re1 Rc8 28. Qb6 Ra8 29. Qc6 Qa7 30. Bb6 Qb8 31. Ra1 Bb7 32. Rxa8 Qxa8 33. Qd7 Bxd5 34. Qd8+ Qxd8 35. Bxd5+ Kg7 36. Bxd8 1-0